| 000 | 00652nam a22002177a 4500 | ||
|---|---|---|---|
| 999 |
_c12138 _d12138 |
||
| 003 | AR-CdUCM | ||
| 008 | 190405b ||||| |||| 00| 0 spa d | ||
| 040 |
_aMUNICIPALIDAD PROVINCIAL DEL CUSCO _cBIBLIOTECA MUNICIPAL DEL CUSCO |
||
| 082 |
_aC / 869.26 / _bR84 |
||
| 100 |
_aRosas, Enrique _929832 |
||
| 245 |
_aUbicación del hombre : _bPoesía / |
||
| 260 |
_aCusco : _bDon Jaque. |
||
| 300 |
_a53 páginas ; _c17 cm. |
||
| 505 | _aContenido: Poemas. | ||
| 650 |
_aLiteratura Argentina _984 |
||
| 650 |
_aSiglo XX _98 |
||
| 650 |
_aPoemas _9929 |
||
| 700 |
_aBejar N., Justo (caratula) _929833 |
||
| 942 |
_2ddc _cLIBROS |
||
| 945 |
_aachl _d2019-04-05 |
||